000 01999nam a22002417a 4500
999 _c42068
_d42068
005 20251125232941.0
008 s2547 th tha d
040 _aNALT
041 _atha
090 _aKQ 24
_bว872ร 2547
110 0 _aสำนักงานเลขาธิการวุฒิสภา. สำนักกรรมาธิการ 3
245 1 0 _aรายงานของคณะกรรมาธิการวิสามัญพิจารณาร่างพระราชบัญญัติระเบียบข้าราชการครูและบุคลากรทางการศึกษา พ.ศ..... วุฒิสภา
260 3 _aกรุงเทพฯ :
_bสำนักกรรมาธิการ 3 สำนักงานเลขาธิการวุฒิสภา,
_c2547
300 _a57 หน้า ;
_b29 ซม.
610 _aสำนักงานเลขาธิการวุฒิสภา. สำนักกรรมาธิการ 3
650 0 4 _aร่างพระราชบัญญัติระเบียบข้าราชการครูและบุคลากรทางการศึกษา
650 0 4 _aบุคลากรทางการศึกษา -- กฎหมายและระเบียบข้อบังคับ
650 0 4 _aครู -- กฎหมายและระเบียบข้อบังคับ
650 0 4 _aครู -- กฎหมายและระเบียบข้อบังคับบุคลากรทางการศึกษา -- กฎหมายและระเบียบข้อบังคับร่างพระราชบัญญัติระเบียบข้าราชการครูและบุคลากรทางการศึกษา
850 _aNALT
856 4 0 _uhttps://hdl.handle.net/20.500.14156/465282
942 _cLB
_2lcc